| 000 | 00898nam a2200289Ia 4500 | ||
|---|---|---|---|
| 001 | Z_1849 | ||
| 003 | CHAP | ||
| 008 | 220113s1997 xx 000 0 und d | ||
| 010 | _a164943 | ||
| 040 | _cCHAP | ||
| 090 | _aTesis H 1262 | ||
| 100 |
_aHernández Zuárez, Angel _954764 |
||
| 245 |
_aComposición botánica de la dieta de novillos en praderas de alfalfa (Medicago sativa L) y orchard (Dactylis glomerata L) / _cpor Angel Hernández Zuárez |
||
| 260 |
_aChapingo, Méx. : _bEl autor, _c1997 |
||
| 300 | _a55 h. | ||
| 502 | _aTesis (Ing. Agr. Esp. en Zootecnia) -- UACH. Departamento de Zootecnia | ||
| 650 |
_aAlfalfa como forraje _93899 |
||
| 650 |
_aDactylis glomerata _930865 |
||
| 650 |
_aGanado vacuno _xAlimentación _945429 |
||
| 650 |
_aPraderas _991230 |
||
| 901 | _aTESIS H 1262 | ||
| 902 | _aM | ||
| 910 | _a1997 | ||
| 942 | _c2 | ||
| 942 | _c2 | ||
| 999 |
_c164943 _d164943 |
||